LEADER 01392nam a2200313 u 4500 001 000000040374 003 CaOOAMICUS 005 20070226114108.0 008 980526s1977 fr u000 u fre u 020 $a2233000439 035 $a10796390 040 $aPUL(R)$bita 100 1 $aZoller, Elisabeth.$0(OLS)http://pul/name/29823 245 13$aLa bonne foi en droit international public /$cElisabeth Zoller ; préface de Mme Suzanne Bastid .. 260 $aParis :$bA. Pedone,$c1977. 300 $axxvi, 392 p. ;$c24 cm 490 1 $aPublication de la Revue général de droit international public.$aNouvelle série ;$v28 500 $aContiene indici. 504 $aBibliografia in nota. 650 4$aDiritto internazionale.$0(OLS)http://pul/subject/2505 700 1 $aBastid, Suzanne.$0(OLS)http://pul/name/28338 830 0$aPublication de la Revue général de droit international public.$pNouvelle série ;$v28.$0(OLS)http://pul/title/6329 850 $aPUL 852 $aPUL$W1$xSL Diritto e Scienze Sociali 1$y4$m179 F 22$j54889$nBK-PRI$b $qStampati$B54889$CPULBib$Z2$F54889 $H $81 941 1 $a8 961 $aINV: 47287 996 $6020$a2233000439$9(OLS)http://pul/number/50136 996 $6245$aLa bonne foi en droit international public$9(OLS)http://pul/title/54505 996 $6260$aParis :$bA. Pedone$9(OLS)http://pul/publisher/50402 LEADER 01895namaa2200373 i 4500 001 000000177773 003 CaOOAMICUS 005 20250519173123.0 008 250519s2024 it u000 u ita r 020 $a978-88-08-79978-4* 032 $aLibriCat 040 $aPUL$bita 082 00$a346.45066 100 1 $aEnriques, Luca,$d1970-,$eautore.$0(OLS)http://pul/name/83715 245 10$aDelle società costituite all'estero, del trasferimento della sede all'estero :$bart. 2507-2510-bis /$cLuca Enriques, Federico M. Mucciarelli. 260 $aBologna :$bZanichelli,$c©2024. 300 $aXIX, 187 pagine ;$c25 cm 336 $atesto$btxt$2rdacontent 337 $asenza mediazione$btxt$2rdamedia 338 $avolume$bnc$2rdacarrier 490 1 $aCommentario del Codice civile Scialoja-Branca.$aLibro quarto, Del lavoro$aart. 2507-2510-bis 504 $aContiene riferimenti bibliografici e indice. 650 04$aDiritto del lavoro$zItalia.$0(OLS)http://pul/subject/2593 650 4$aSocietà commerciali straniere - Legislazione $zItalia.$0(OLS)http://pul/subject/46992 700 1 $aMucciarelli, Federico M.,$d1973-,$eautore.$0(OLS)http://pul/name/114389 830 0$aCommentario del Codice civile Scialoja-Branca.$nLibro quinto,$pDel lavoro ;$vart. 2507-2510-bis.$0(OLS)http://pul/title/56765 850 $aPUL 852 $aPUL$W1$xSL Diritto e Scienze Sociali 3$y79$m346. 45 COLL 7.2507$j201693$qDDC 21$B206743$CPULBib$Z2$F206743 $H137880 $82 941 1 $a9 996 $6020$a978-88-08-79978-4*$9(OLS)http://pul/number/170364 996 $6082$a346.45066$9(OLS)http://pul/classification/3293 996 $6245$aDelle società costituite all'estero, del trasferimento della sede all'estero :$bart. 2507-2510-bis$9(OLS)http://pul/title/219314 996 $6260$aBologna :$bZanichelli$9(OLS)http://pul/publisher/48255